| 000 | 01168cam a22002891a 4500 | ||
|---|---|---|---|
| 001 | e 14001982 | ||
| 003 | DLC | ||
| 005 | 20260227111202.0 | ||
| 007 | cr_||||||||||| | ||
| 008 | 830414s1914 dcu f000 0 eng c | ||
| 010 | _ae 14001982 | ||
| 035 | _a(OCoLC)9410217 | ||
| 040 |
_aU.S. Off. of Educ. Library _cABAU _dABAU _dDLC |
||
| 042 | _apremarc | ||
| 050 | 0 | 0 |
_aL111 _b.A6 1914, no. 25 |
| 051 |
_aLB1567 _b.H6 |
||
| 100 | 1 | _aHodges, W. T. | |
| 245 | 0 | 0 |
_aImportant features in rural school improvement / _ccompiled from special reports of rural superintendents to the Bureau of Education by W.T. Hodges. |
| 260 |
_aWashington : _bG.P.O., _c1914. |
||
| 300 |
_a55 p. ; _c23 cm. |
||
| 490 | 0 |
_aBulletin / U.S. Bureau of Education ; _v1914, no. 25. Whole no. 599 |
|
| 501 |
_aCopies 1 and 2 of L111.A6 with: University extension in the United States / Louis E. Reber. Washington : Govt. Print. Off., 1914. Bound together subsequent to publication. _5DLC |
||
| 530 | _aAlso available in digital form on the Internet Archive Web site. | ||
| 650 | 0 | _aRural schools. | |
| 700 | 1 | _aHodges, W. T. | |
| 856 | 4 | 1 | _uhttp://hdl.loc.gov/loc.gdc/scd0001.00221587340 |
| 999 |
_c19744 _d19744 |
||